000 01591nam0a22003371 4500
001 rc\4424289
005 20130416154754.8
021 _aRU
_bРг2128-68
021 _aRU
_b68-7264
035 _a(NLR Aleph) 008308067
090 _a8679172
_c8679172
100 _a20130416d1967 |||y0rusy50 ca
101 0 _arus
102 _aRU
105 _ay z |||||
200 1 _aЗамедление нейтронов до тепловой энергии в приложении к реакторам
210 _aМосква
_cАтомиздат
_d1967
215 _a13 с.
_cграф.
_d28
225 1 _aГосударственный комитет по использованию атомной энергии СССР. Доклады Третьей Международной конференции по мирному использованию атомной энергии. Женева, сент. 1964 г.
300 _aПеред загл. авт.: Джон Р. Бейстер, Ноэл Конрголд, Генри К. Хомек [и др.]
300 _aОтпеч. множит. аппаратом
320 _aБиблиогр.: с. 12-13
701 1 _aКонрголд
_bН.
_gНоэл
701 1 _aБейстер
_bД. Р.
_gДжон Р.
701 1 _aХомек
_bГ. К.
_gГенри К.
712 0 2 _aМеждународная конференция по мирному использованию атомной энергии (3; 1964; Женева)
801 0 _aRU
_bNLR
_gpsbo
801 1 _aRU
_bELAR
_2rusmarc
852 _aNLR
_j68-8/412
942 _cBOOK
980 _aNB